Welcome to the Holygrace Academy Library

Please use search bar below to get started

THE FUNNIEST TALES OF MULLAH NASARUDDIN (Record no. 7673)

MARC details
000 -LEADER
fixed length control field 00219nam a22000977a 4500
082 ## - DEWEY DECIMAL CLASSIFICATION NUMBER
Classification number 823
Item number SAW/F
100 ## - MAIN ENTRY--AUTHOR NAME
Personal name SAWHNEY, CLIFFORD
245 ## - TITLE STATEMENT
Title THE FUNNIEST TALES OF MULLAH NASARUDDIN
650 ## - SUBJECT ADDED ENTRY--TOPICAL TERM
Topical Term ENGLISH STORY
942 ## - ADDED ENTRY ELEMENTS (KOHA)
Koha item type Books
Holdings
Withdrawn status Lost status Collection code Home library Current library Date acquired Source of acquisition Full call number Accession Number Koha item type
Withdrawn Damaged Item Fiction Main Library Main Library 21/10/2006 purchase 823 SAW/F 01509 Books